Liedtext - Alles brennt - Johannes Oerding - Statistiken

Allgemein
  • Dieses Quiz wurde 205 mal gespielt
    181 seit der letzten Aktualisierung
  • Das Durchschnittsergebnis liegt bei 178 aus 276
Antwortstatistiken
Textquiz % Korrekt
Alles
99%
alles
99%
brennt
99%
Und
92%
und
92%
in
91%
auf
89%
geh'
89%
ich
89%
Ich
89%
'n
88%
geht
87%
Flammen
86%
die
83%
was
80%
Asche
79%
ein
78%
Rauch
76%
bleibt
74%
Das
74%
das
74%
sind
74%
an
70%
seh'
70%
es
68%
mir
68%
wird
68%
gut
66%
kleines
65%
bisschen
63%
den
63%
mein
63%
Mein
63%
doch
62%
Doch
62%
Feuer
62%
Dass
61%
halt'
61%
halt
61%
wenn
61%
Wolken
61%
Luft
59%
schwarzen
59%
Blau
58%
dann
57%
mit
57%
Glut
54%
über
53%
zwischen
53%
man
52%
sie
51%
aus
50%
lauf
50%
Zu
50%
zu
50%
gib
49%
weiß
49%
keine
48%
Komm
48%
komm
48%
wieder
48%
durch
47%
Durch
47%
hier
47%
nach
47%
sag
47%
ab
46%
mich
46%
muss
46%
Weg
46%
weg
46%
mei'm
45%
bekämpft
44%
jetzt
44%
von
44%
Wand
44%
Kopf
42%
für
41%
Herz
41%
steh'
41%
Verstand
41%
einen
40%
genau
40%
sagt
40%
find'
39%
Tür
39%
Augen
38%
gibt
38%
schau
38%
neu
37%
steigt
37%
suche
35%
draußen
34%
heiß
34%
Raum
34%
schnell
34%
stumm
34%
grauen
32%
pocht
30%
reiß
30%
noch
29%
Blut
28%
Funken
28%
glüh'n
28%
kocht
28%
Mauern
28%
sprüh'n
28%
läuft
27%
Atemnot
26%
fliegen
24%
wenig
24%
allein
23%
fall'n
23%
Nerven
23%
Wegen
23%
schmelzen
22%
Steine
22%
eng
21%
Feuerregen
21%
Platz
21%
Scherben
21%
selbst
21%
neuen
20%
Bevor
19%
g'radeaus
17%
Keine übereinstimmenden Quizze gefunden
Verteilung der Resultate
Anzahl Personen mit jedem Resultat
Perzentil nach korrekt beantworteten Fragen
Ihre Resultats-Entwicklung
Sie haben dieses Quiz seit der letzten Aktualisierung nicht gespielt